Aged in a suburban context: a study in social gerontology (Record no. 5221)

MARC details
000 -LEADER
fixed length control field 00666nam a2200205Ia 4500
020 ## - INTERNATIONAL STANDARD BOOK NUMBER
ISBN 81-903802-0-6
082 ## - DEWEY DECIMAL CLASSIFICATION NUMBER
Classification number 305.26091733 CHA-A
100 ## - MAIN ENTRY--AUTHOR NAME
Personal name Chattopadhyay, Krishnadas
245 #0 - TITLE STATEMENT
Title Aged in a suburban context: a study in social gerontology
260 ## - PUBLICATION, DISTRIBUTION, ETC. (IMPRINT)
Place of publication Kolkata
Name of publisher Arambag Book House
Year of publication 2006
300 ## - PHYSICAL DESCRIPTION
Number of Pages x, 126
504 ## - BIBLIOGRAPHY, ETC. NOTE
Bibliography, etc includes bibliography
650 ## - SUBJECT ADDED ENTRY--TOPICAL TERM
Topical Term Gerontology
Form subdivision Methodology
650 ## - SUBJECT ADDED ENTRY--TOPICAL TERM
Topical Term Aging
Form subdivision Psychological aspects
650 ## - SUBJECT ADDED ENTRY--TOPICAL TERM
Topical Term Aged
Form subdivision Social conditions
Geographic subdivision Suburban regions
650 ## - SUBJECT ADDED ENTRY--TOPICAL TERM
Topical Term Aged
Form subdivision Abuse of
Geographic subdivision Suburban regions
650 ## - SUBJECT ADDED ENTRY--TOPICAL TERM
Topical Term Aged
Form subdivision Legal status, laws, etc
Geographic subdivision Suburban regions
650 ## - SUBJECT ADDED ENTRY--TOPICAL TERM
Topical Term Aged
Form subdivision Care
Geographic subdivision Suburban regions
942 ## - ADDED ENTRY ELEMENTS (KOHA)
Koha item type Books
Holdings
Withdrawn status Lost status Damaged status Not for loan Home library Current library Date acquired Source of acquisition Bill Date Full call number Accession Number Price effective from Koha item type
        NASSDOC Library NASSDOC Library 31/08/2006 Gifted by : The Author 2006-08-10 305.26091733 CHA-A 42012 18/04/2019 Books